[Event "Europe Echecs Blitz Nov op"]
[Site "Europe Echecs INT"]
[Date "2020.11.08"]
[Round "3"]
[White "Casas, Alexandre"]
[Black "Lavaud, Clement"]
[Result "0-1"]
[WhiteElo "1921"]
[BlackElo "1572"]
[PlyCount "94"]
[EventDate "2020.11.08"]
[EventType "swiss (blitz)"]
[EventRounds "11"]
[EventCountry "FRA"]
[SourceTitle "CBM 199 Extra"]
[Source "ChessBase"]
[SourceDate "2021.01.31"]
[SourceVersion "1"]
[SourceVersionDate "2021.01.31"]
[SourceQuality "1"]

1. d4 d5 2. c4 c6 3. Nc3 e6 4. Nf3 Bd6 5. Qc2 Nd7 6. Bg5 Ngf6 7. e3 h6 8. Bh4 b6 9. h3 Qc7 10. 0-0-0 a5 11. Kb1 dxc4 12. Bxc4 b5 13. Bd3 b4 14. Ne4 a4 15. Nxd6+ Qxd6 16. Bg3 Qd5 17. e4 Qa5 18. Qxc6 0-0 19. Bc7 Qa7 20. Bd6 Bb7 21. Qb5 Rfc8 22. Qxb4 Nxe4 23. Bf4 Nxf2 24. Rhf1 Nxd1 25. Rxd1 Nb6 26. Ne5 Nd5 27. Qd2 Nxf4 28. Qxf4 Bd5 29. a3 Qb7 30. Rf1 f6 31. Ng4 Qb3 32. Nxf6+ gxf6 33. Qg3+ Kf7 34. Qg6+ Ke7 35. Qxf6+ Kd7 36. Qg7+ Kc6 37. Bc2 Qa2+ 38. Kc1 Qa1+ 39. Bb1 Kb5+ 40. Kd1 Qxb1+ 41. Ke2 Rc2+ 42. Ke3 Qxf1 43. Qd7+ Kc4 44. Qc7+ Kb3 45. Qb6+ Ka2 46. Qb4 Qf2+ 47. Kd3 Qe2# 0-1